| 000 | 00467nam a2200193Ia 4500 | ||
|---|---|---|---|
| 005 | 20250317031524.0 | ||
| 008 | 240331s9999 xx 000 0 und d | ||
| 020 | _a0631182829 | ||
| 082 |
_a301 _bCON _2986 |
||
| 100 | _aConnor, S | ||
| 245 | 0 | _aTheory and Cultural Value | |
| 260 |
_aOxford; _aCambridge, _bBlackwell Publishers _c1992 |
||
| 300 | _ax, 275 p., | ||
| 650 | _aCulture | ||
| 650 | _aFeminism | ||
| 650 | _aEconomics | ||
| 650 | _aEthics | ||
| 942 | _cL | ||
| 999 |
_c1044 _d1044 |
||